00721nam a2200325Ia 4500008004000000041000800040082001800048100001400066245009800080260002100178300000800199650000900207650001300216650001500229650000600244650001500250650000600265650000900271650001200280650000700292650000800299650001000307650001000317650000700327650000800334650001500342650000600357650000700363700002500370210210b2010 xxu||||| |||| 00| 0 eng d aeng a657.0218 SEKP aSEKAR (G) aPadhukas students referencer on accounting standards: for CA final with past 42 exams Q and A aChennaib-c2010 a662 awith astudents astandards: as areferencer aQ apast aPadhuka aon afor afinal aexams aCA aand aaccounting aA a42 aPRASATH (B Saravana)